| 000 | 00862aam a2200313 4500 | ||
|---|---|---|---|
| 005 | 20230822154308.0 | ||
| 008 | 150529s2004 xxu||||| |||| 00| 0 spa d | ||
| 041 | _aESP | ||
| 082 | _a461 L864r | ||
| 100 |
_aLópez Barrios, Carlos _982920 |
||
| 245 | _aRedacción en movimiento: herramientas para el cultivo de la palabra | ||
| 260 | _aCosta Rica | ||
| 260 | _bEditorial Costa Rica | ||
| 260 | _c2004 | ||
| 300 | _a419 páginas | ||
| 650 | _aCOMUNICACIÓN ESCRITA | ||
| 650 | _aGRAMÁTICA | ||
| 650 | _aESPAÑOL | ||
| 650 | _aREDACCIÓN | ||
| 650 | _aLENGUAJE | ||
| 650 |
_aSILABAS _9750 |
||
| 650 |
_aPALABRAS COMPUESTAS _920520 |
||
| 650 |
_aDIVISIÓN DE PALABRAS _920521 |
||
| 650 |
_aACENTO DIACRITICO _920522 |
||
| 650 |
_aVICIOS DE LA ESCRITURA _920523 |
||
| 650 |
_aABREVIATURAS _9748 |
||
| 650 |
_aGENTILICIOS _920524 |
||
| 942 | _cBK | ||
| 999 |
_c2388 _d2388 |
||